000 00713cab a2200241 4500
001 WB2914-05
008 090401t1993 xxu||||| |||| 00| 0 eng d
035 _a(Sirsi) u89789
041 _aeng
245 _aShopping centre security
260 _c1993
350 _a0
490 _aCSW - The Property Week
_v43(2) 8 April 1993, 59(1)
520 _aLooks particularly at the use of closed circuit television and the level of staffing in providing security in shopping centres.
650 _aBOMB THREATS
650 _aCCTV
650 _aMANAGEMENT
650 _aSECURITY
650 _aSHOPPING CENTRES
690 _aPROPERTY-COMMERCIAL PROPERTY-RETAIL PROPERTY
942 _n0
948 _c04/03/1997
999 _c56836
_d56836